000 00729nam a2200265Ia 4500
003 OSt
005 20221006153351.0
006 a|||||r|||| 00| 0
007 ta
008 221006b |||||||| |||| 00| 0 kor d
024 _a32,132
037 _bGift, Korea Foundation
_cTextual
040 _aEASL
_cEASL
_bkor
041 _2kor
_akor
082 _aS:521, 495P3
100 _aKIM Gap-Soo Au.
_9663577
245 0 _aHwasullo dacingwankyein phoneun neoph yeora
260 _aSeoul
_bBoseong Korea
_c2003
300 _a311p.
_ccm.
490 _v KL
650 _a KL
650 _aPsychology
942 _hS:521, 495P3
_cTEXL
_2CC
999 _c1100218
_d1100218